00542nam a22001697a 450000500170000001000150001702000250003203500130005703700130007008200110008324501070009426000550020127000660025630000220032270000100034470000180035420130913152138.0 aENG-108177 a9789350690215c65.00 aEN-91710 bDBAD/PUB a230.3510aSunrays for thursday :ccompiled by Priya [and] Sanjay Tandonba compendium of inspirational stories / aAndhra PradeshbSri Sathya Sai Sadhana Trustc2013 aPrasanthi Nilayam, Anantapur DistrictbAndhra Pradeshe515134 a224p. c22cm(pbk) aPriya aTandon,Sanjay